| 000 | 01782pam a2200457 i 4500 | ||
|---|---|---|---|
| 001 | BK0014499100 | ||
| 005 | 20241220142039.0 | ||
| 008 | 140822s2014 nyua j 000 1 eng d | ||
| 010 | _abl2014037414 | ||
| 020 |
_a9781481421843 : HRD _c$13.99 |
||
| 020 |
_a1481421840 : HRD _c$13.99 |
||
| 037 |
_bSimon & Schuster, 100 Front st, Riverside, NJ, USA, 08075-7500 _nSAN 200-2442 |
||
| 040 |
_aNjBwBT _beng _cNjBwBT _erda _dIMmBT |
||
| 050 | 1 | 4 |
_aPZ7.R915935 _bTah 2014 |
| 082 | 0 | 4 |
_a[Fic] _223 |
| 092 | _aFIC | ||
| 092 | _aRUSSELL | ||
| 100 | 1 |
_aRussell, Rachel Renée, _eauthor. _96280428 |
|
| 245 | 1 | 0 |
_aTales from a not-so-happily ever after / _cRachel Renée Russell with Nikki Russell and Erin Russell. |
| 250 | _aFirst Aladdin hardcover edition. | ||
| 260 |
_bSimon & Schuster _c2014 |
||
| 264 | 1 |
_aNew York : _bAladdin, _c2014. |
|
| 300 |
_a295 pages : _billustrations ; _c22 cm. |
||
| 336 | _atext | ||
| 336 | _astill image | ||
| 337 | _aunmediated | ||
| 338 | _avolume | ||
| 490 | 1 |
_aDork diaries ; _v8 |
|
| 520 | _aA bump on the head suffered during gym class causes middle school drama queen Nikki Maxwell to have a crazy dream where all of her acquaintances assume the roles of familiar fairy tale characters. | ||
| 650 | 1 |
_aFairy tales _vFiction. _95688990 |
|
| 650 | 1 |
_aDreams _vFiction. _95681922 |
|
| 650 | 1 |
_aCharacters in literature _vFiction. _95674873 |
|
| 650 | 1 |
_aMiddle schools _vFiction. _95675986 |
|
| 650 | 1 |
_aSchools _vFiction. _95673727 |
|
| 650 | 1 |
_aDiaries _vFiction. _95674805 |
|
| 700 | 1 |
_aRussell, Nikki, _eauthor. _95903710 |
|
| 700 | 1 |
_aRussell, Erin, _eauthor. _95903711 |
|
| 800 | 1 |
_aRussell, Rachel Renée. _tDork diaries ; _v8. _95942042 |
|
| 942 |
_cBOOK _0186 |
||
| 998 | _aa206285 | ||
| 999 |
_c130365 _d130365 |
||